La unidad en el pensamiento litúrgico de Joseph Ratzinger
Uloženo v:
| Hlavní autor: | |
|---|---|
| Médium: | Kniha |
| Jazyk: | španělština |
| Vydáno: |
Madrid
Biblioteca de Autores Cristianos
2013
|
| Vydání: | 1a. ed |
| Edice: | estudios y Ensayos, 146
|
| Témata: | |
| Tagy: |
Přidat tag
Žádné tagy, Buďte první, kdo vytvoří štítek k tomuto záznamu!
|
MARC
| LEADER | 00000cam a2200000 a 4500 | ||
|---|---|---|---|
| 001 | UCE2021 | ||
| 003 | CL-VaPUC | ||
| 008 | 140605e20130000sp |||||||||||||||||spa|d | ||
| 020 | |a 9788422016649 | ||
| 082 | 0 | 4 | |a 264.02 |b REY |2 21 |
| 100 | 0 | |a Reyes Castillo, Ricardo |e author |9 574485 | |
| 245 | 1 | 3 | |a La unidad en el pensamiento litúrgico de Joseph Ratzinger |
| 250 | |a 1a. ed | ||
| 300 | |a 324 p | ||
| 942 | |c BK | ||
| 945 | |d 20140605 14:22:00 |a dcastane | ||
| 260 | |a Madrid |b Biblioteca de Autores Cristianos |c 2013 | ||
| 600 | 0 | |a Ratzinger, Joseph, |c Papa |e autor |9 494399 | |
| 650 | 0 | |a Liturgia católica |9 516111 | |
| 650 | 0 | |a Ceremonias |9 337653 | |
| 650 | 0 | |a Textos sagrados |9 257605 | |
| 650 | 0 | |a Teología cristiana |9 308336 | |
| 583 | |a last modification |c 20140605 14:22:00 |k Rodrigo Vera | ||
| 490 | 0 | |a estudios y Ensayos, 146 | |
| 999 | |c 355701 |d 355699 | ||
| 952 | |0 0 |1 0 |3 erb |4 0 |6 264_020000000000000_REY_2013 |7 0 |8 A |9 462520 |a BIBTEO |b BIBTEO |i 5081408 |o 264.02 REY 2013 |p 5081408 |r 2025-01-17 |w 2019-11-23 |y BK |z Catalogado en:20140605 |k ICR | ||